Minecraft Mobs: Piglin Brute - Statistics

General Stats
  • This quiz has been taken 9 times
  • The average score is 5 of 8
Answer Stats
Question Answer % Correct
How many health points does a piglin brute have? 50
86%
What structure can piglin brutes generate with? Bastion Remnant
86%
What weapon do piglin brutes wield? Golden Axe
86%
What mob does a piglin brute turn into when in the overworld for 15 seconds? Zombified Piglin
86%
What is an adult piglin's width in blocks? 0.6
43%
What is one mob piglin brutes are hostile towards? Wither | Wither Skeleton
43%
What is an adult piglin's height in blocks? 1.95
29%
What item reduces piglin brutes' detection range when equipped by a player? Piglin Head
29%
No matching quizzes found
Score Distribution
Percent of People with Each Score
Percentile by Number Answered
Your Score History
You have not taken this quiz